000
00326nam a2200109Ia 4500
008
171211s9999 xx 000 0 und d
245
_a
Mediated Associations: Cinematic Dimensions of Social Theory
245
_c
Daniel M. O'Connor
260
_c
2002
650
_x
cinema
856
_u
http://down.ebook777.com/063/0773523979.pdf
999
_c
348737
_d
348737